Robin Hood. (Record no. 112082)
[ view plain ]
| 000 -LEADER | |
|---|---|
| fixed length control field | 00371nam a2200157 a 4500 |
| 001 - CONTROL NUMBER | |
| control field | 2774 |
| 005 - DATE AND TIME OF LATEST TRANSACTION | |
| control field | 20140414131927.0 |
| 008 - FIXED-LENGTH DATA ELEMENTS--GENERAL INFORMATION | |
| fixed length control field | 050928s19uu xx 00 eng d |
| 020 ## - INTERNATIONAL STANDARD BOOK NUMBER | |
| International Standard Book Number | 0-7097-1030-5 |
| 050 ## - LIBRARY OF CONGRESS CALL NUMBER | |
| Classification number | ER |
| Item number | R55 |
| 100 ## - MAIN ENTRY--PERSONAL NAME | |
| Personal name | Maureen Spurgeon |
| 245 ## - TITLE STATEMENT | |
| Title | Robin Hood. |
| 260 ## - PUBLICATION, DISTRIBUTION, ETC. (IMPRINT) | |
| Place of publication, distribution, etc | England : |
| Name of publisher, distributor, etc | Brown Watson. |
| 300 ## - PHYSICAL DESCRIPTION | |
| Extent | 1 v. p. : ill. ; cm. |
| Withdrawn status | Lost status | Damaged status | Home library | Current library | Shelving location | Date acquired | Source of acquisition | Total Checkouts | Full call number | Barcode | Date last seen | Price effective from | Koha item type |
|---|---|---|---|---|---|---|---|---|---|---|---|---|---|
| Munich Library | Munich Library | Easy Reading Section | 09/28/2005 | ER R55 | M3110 | 04/14/2014 | 04/14/2014 | Books |